| 000 | 00913nam a22003017a 4500 | ||
|---|---|---|---|
| 001 | 7880 | ||
| 003 | FISKH | ||
| 005 | 20250821130959.0 | ||
| 008 | 250813b cb ||||| |||| 00| 0 eng d | ||
| 020 | _a9781595155399 | ||
| 040 |
_aFISKH _beng _cFISKH _dFISKH |
||
| 050 | _aQB637.S76 | ||
| 082 | _a508.2 | ||
| 100 |
_aCooper, Jason _d(1942-) |
||
| 245 |
_aSeason to season / _cJason Cooper |
||
| 250 | _aThis edition first published in 2007 | ||
| 260 |
_aVero Beach : _bRourke, _c2007 |
||
| 300 |
_a24 pages : _bcolor illustrations ; _c21 cm |
||
| 505 | _aG | ||
| 520 | _aDescribes The Reasons For Changes In The Seasons And The Significance To Plants And Animals. | ||
| 521 | 8 |
_a420
_bLexile |
|
| 521 | 8 |
_aG
_bRaz-Plus |
|
| 650 |
_2Four Seasons _aGlossary |
||
| 650 |
_2The Eart in motion _aSeasonal Change |
||
| 700 |
_aStratford, Nicola _dillustrator |
||
| 942 |
_2ddc _cBK _n0 |
||
| 999 |
_c7880 _d7880 |
||